000 00599nam a2200205Ia 4500
008 240729s9999 xx 000 0 und d
022 _a1179-1462
245 0 _aOrthopedic Research and Reviews
260 _aUnited Kingdom
260 _bDove Medical Press
650 _a Diseases of the musculoskeletal system
650 _a Internal medicine
650 _a Orthopedic surgery | Medicine
650 _a Specialties of internal medicine
650 _a Surgery
650 _aMedicine
856 _uhttps://doaj.org/toc/6e2c6f42dae14b44974207f33a4d7ff2
942 _2ddc
942 _cDOAJEJ
999 _c73605
_d73605
945 _a1
_bMadushi Gamage
_c1
_dMadushi Gamage